Llamada a la responsabilidad cristiana por la paz
Para la iglesia católica la importancia del Plan de Paz, firmado en Guatemala, reside en que: a) es apoyado por todos los centroamericanos que, en su inmensa mayoría, son católicos b) por el apoyo del Grupo de Contadora a ese Plan y, c) porque representa una solución centroamericana a los problemas...
Kaydedildi:
| Materyal Türü: | Metin |
|---|---|
| Konular: | |
| Etiketler: |
Etiketle
Etiket eklenmemiş, İlk siz ekleyin!
|
MARC
| LEADER | 00000 a a2200000 04500 | ||
|---|---|---|---|
| 001 | 1674 | ||
| 003 | |||
| 040 | |||
| 245 | |a Llamada a la responsabilidad cristiana por la paz | ||
| 520 | |a Para la iglesia católica la importancia del Plan de Paz, firmado en Guatemala, reside en que: a) es apoyado por todos los centroamericanos que, en su inmensa mayoría, son católicos b) por el apoyo del Grupo de Contadora a ese Plan y, c) porque representa una solución centroamericana a los problemas de la región, y por tanto los países ajena a ella deben de respetarla. Por lo demás, este plan de paz (Esquipulas II) une más a Centroamérica y le otorga gran importancia a la iglesia como medio de comunicación social para promover la paz en la región. OB/eb | ||
| 650 | |a PAZ | ||
| 650 | |a IGLESIA CATOLICA | ||
| 650 | |a GRUPO DE CONTADORA | ||
| 650 | |a MILITARISMO | ||
| 650 | |a INTERVENCION EXTRANJERA | ||
| 650 | |a PLANES DE PAZ | ||
| 773 | |g número 38; páginas 19 | ||
| 999 | |c 25225 |d 25225 | ||
